Guru Dutt: a tragedy in three acts/ (Record no. 85161)

MARC details
000 -LEADER
fixed length control field 00709nam a22002057a 4500
005 - DATE AND TIME OF LATEST TRANSACTION
control field 20140616160400.0
010 ## - LCCN (DPL NO)
LC control number B-505414-417
020 ## - INTERNATIONAL STANDARD BOOK NUMBER
International Standard Book Number 9780143415053
Terms of availability 250.00
035 ## - SYSTEM CONTROL NUMBER
System control number B-505414-417
037 ## - SOURCE OF ACQUISITION
Stock number dpl
Source of stock number/acquisition K.K.Pub/Ven
082 ## - DEWEY DECIMAL CLASSIFICATION NUMBER
Classification number 791.430233092
100 ## - MAIN ENTRY--PERSONAL NAME
Personal name Khopkar, Arun
245 ## - TITLE STATEMENT
Title Guru Dutt: a tragedy in three acts/
Statement of responsibility, etc by Arun Khopkar
260 ## - PUBLICATION, DISTRIBUTION, ETC. (IMPRINT)
Place of publication, distribution, etc New Delhi
Name of publisher, distributor, etc Penguin Books
Date of publication, distribution, etc 2012
270 ## - ADDRESS
Address 11 Community Centre, Panchsheel Park
City New Delhi
Postal code 110017
300 ## - PHYSICAL DESCRIPTION
Extent 153p.:
Other physical details ill.
Dimensions 19cm(pbk)
500 ## - GENERAL NOTE
General note includes index
942 ## - ADDED ENTRY ELEMENTS (KOHA)
Source of classification or shelving scheme Dewey Decimal Classification
Item type English Books
Classification part 791.430233092
Call number suffix KHO
Holdings
Withdrawn status Lost status Not for loan Collection code Home library Current library Date acquired Source of acquisition Cost, normal purchase price Full call number Barcode Copy number Cost, replacement price Koha item type
      Non-fiction Bawana Bawana 16/06/2014 K.K.Pub/BL2982/11.02.2013/172/11.03.2013/20.03.2013 250.00 791.430233092 KHO B-505416 1 250.00 English Books
      Non-fiction Janak Puri Janak Puri 16/06/2014 K.K.Pub/BL2982/11.02.2013/172/11.03.2013/20.03.2013 250.00 791.430233092 KHO B-505415 1 250.00 English Books
      Non-fiction Narela Narela 16/06/2014 K.K.Pub/BL2982/11.02.2013/172/11.03.2013/20.03.2013 250.00 791.430233092 KHO B-505417 1 250.00 English Books
      Non-fiction Patel Nagar Patel Nagar 16/06/2014 K.K.Pub/BL2982/11.02.2013/172/11.03.2013/20.03.2013 250.00 791.430233092 KHO B-505414 1 250.00 English Books

© Delhi Public Library
Hit Counter
free hit counter